000 00230nam a22000857a 4500
008 160716b xxu||||| |||| 00| 0 eng d
100 _92968
_a London, J
245 _aThe Call of the Wild
260 _aNew Delhi
_bOrient Publication
_c2001
999 _c2531
_d2531